| 000 | 01165nam0a22002891 4500 | ||
|---|---|---|---|
| 001 | rc\4477739 | ||
| 005 | 20130416170127.5 | ||
| 021 |
_aRU _b68-93180 |
||
| 021 |
_aRU _bРг1292-69 |
||
| 035 | _a(NLR Aleph) 008332807 | ||
| 090 |
_a8827830 _c8827830 |
||
| 100 | _a20130416d1968 |||y0rusy50 ca | ||
| 101 | 0 | _arus | |
| 102 | _aRU | ||
| 105 | _aa z ||||| | ||
| 200 | 1 |
_aАгрегаты бесперебойного питания _e(Лекция) _fВоен.-инж. ордена Ленина краснознам. акад. им. В.В. Куйбышева |
|
| 210 |
_aМосква _cБ. и. _d1968 |
||
| 215 |
_a59 с., 1 л. диагр. _cил. _d21 |
||
| 300 | _aОтпеч. множит. аппаратом | ||
| 300 | _aПеред загл. авт.: д-р техн. наук, доц., ген.-майор инж. войск Д.С. Кривозуб, канд. техн. наук инж.-майор Г.В. Прокошин | ||
| 700 | 1 |
_aКривозуб _bД. С. _gДмитрий Семенович |
|
| 701 | 1 |
_aПрокошин _bГ. В. |
|
| 801 | 0 |
_aRU _bNLR _gpsbo |
|
| 801 | 1 |
_aRU _bELAR _2rusmarc |
|
| 852 |
_aNLR _j69-4/1813 |
||
| 942 | _cBOOK | ||
| 980 | _aNB | ||